PWHL Teams - Statistics

General Stats
  • This quiz has been taken 143 times
    3 since last reset
  • The average score is 9 of 12
Answer Stats
Answer % Correct
Boston Fleet
100%
Minnesota Frost
100%
Montreal Victoire
100%
Ottawa Charge
100%
Vancouver Goldeneyes
100%
New York Sirens
67%
PWHL Las Vegas
67%
PWHL San Jose
67%
Seattle Torrent
67%
PWHL Detroit
33%
PWHL Hamilton
33%
Toronto Sceptres
33%
No matching quizzes found
Score Distribution
Percent of People with Each Score
Percentile by Number Answered
Your Score History
You have not taken this quiz since the last reset